[Event "Mondiale Lampo FIDE 2017"]
[Site "Riyadh"]
[Date "30.12.2017"]
[Round "21.4"]
[White "Vachier-Lagrave, Maxime"]
[Black "Anand, Viswanathan"]
[Result "0-1"]
[WhiteElo "2789"]
[BlackElo "2782"]
[PlyCount "100"]
[EventDate "2017.12.29"]

1. e4 e5 2. Nf3 Nc6 3. Bc4 Bc5 4. O-O Nf6 5. d3 O-O 6. c3 d5 7. exd5 Nxd5 8. a4
a6 9. Re1 Bg4 10. h3 Bh5 11. Nbd2 f6 12. Ne4 Ba7 13. b4 Nce7 14. Bd2 c6 15. Ng3
Bf7 16. d4 exd4 17. Nxd4 Bxd4 18. cxd4 Qd7 19. Ne4 Nf5 20. Nc5 Qc8 21. Nb3 Re8
22. Rxe8+ Qxe8 23. Qg4 Nde7 24. Bxf7+ Qxf7 25. Nc5 b6 26. Nd7 h5 27. Qf4 Rd8
28. Nxb6 Rxd4 29. Qb8+ Kh7 30. Bc3 Rd3 31. Be1 Nh4 32. Qf4 Neg6 33. Qc4 Qxc4
34. Nxc4 Nf4 35. Ne3 Rb3 36. Kf1 Nhg6 37. Nc4 Ne5 38. Nxe5 fxe5 39. Bd2 Rb2 40.
Bc3 Rc2 41. Bxe5 Nd3 42. Bd4 Nxb4 43. Rb1 Rc4 44. Bb6 Nd5 45. a5 c5 46. Ke2
Rc2+ 47. Kf3 c4 48. Bd4 Rd2 49. Ke4 Nf6+ 50. Ke3 Rd3+ 0-1